Jinkō kyūzō toshi /

Disimpan dalam:
Butiran Bibliografi
Pengarang Utama: Nakamura, Kōji, 1932-
Format: Buku
Bahasa:Japanese
Diterbitkan: [Higashimurayama] : Tōkyō : Kyōikusha ; hanbai Kyōikusha Shuppan Sābisu, c1979.
Siri:Jiji mondai kaisetsu ; no. 201.
Subjek-subjek:
Penanda-penanda: Tambah Penanda
Tiada Penanda, Jadilah orang pertama menanda rekod ini!
LEADER 01236cam a2200337Ia 4500
001 007747070-2
005 20060522101742.0
008 810925s1979 ja b 000 0 jpn
010 |a  79809021  
015 |a Ja79-5685 
035 0 |a ocm07790868 
040 |a DLC  |c OSU  |d OSU  |d OCL 
100 1 |6 880-01  |a Nakamura, Kōji,  |d 1932- 
245 1 0 |6 880-02  |a Jinkō kyūzō toshi /  |c Nakamura Kōji. 
260 |6 880-03  |a [Higashimurayama] :  |b Kyōikusha ;  |a Tōkyō :  |b hanbai Kyōikusha Shuppan Sābisu,  |c c1979. 
300 |a 205 p. :  |b ill. ;  |c 18 cm. 
490 0 |6 880-05  |a Nyūmon shinsho 
490 1 |6 880-04  |a Jiji mondai kaisetsu ;  |v no. 201 
500 |a Cover title. 
504 |a Bibliography: p. 204-205. 
650 0 |a Rural-urban migration  |z Japan. 
650 0 |a Cities and towns  |z Japan  |x Growth. 
880 1 |6 100-01  |a 中村浩治,  |d 1932- 
880 1 0 |6 245-02  |a 人口急増都市 /  |c 中村浩治. 
880 |6 260-03  |a [東村山] :  |b 教育社 ;  |a 東京 :  |b 販売教育社出版サービス,  |c c1979. 
880 0 |6 490-05  |a 入門新書 
880 1 |6 490-04  |a 時事問題解說 ;  |v no. 201 
830 0 |6 880-54  |a Jiji mondai kaisetsu ;  |v no. 201. 
880 0 |6 830-54  |a 時事問題解說 ;  |v no. 201. 
988 |a 20020608 
906 |0 DLC